Great Basin Naturalist Memoirs

محفوظ في:

التنسيق: دورية

اللغة: Undetermined

منشور في: JSTOR
Monte L. Bean Life Science Museum, Brigham Young University

الموضوعات:

الوصول للمادة أونلاين: Login to view Source

الوسوم: إضافة وسم

لا توجد وسوم, كن أول من يضع وسما على هذه التسجيلة!

رقم الطلب:

LEADER 00658nas a2200205Ia 4500
008 220214c99999999xx |||||||||||| ||und||
022 |a 0160-239X 
022 |a 2331-2742 
245 0 0 |a Great Basin Naturalist Memoirs 
264 1 |b JSTOR 
264 1 |b Monte L. Bean Life Science Museum, Brigham Young University 
362 0 |a (1976)-(1992) 
653 1 0 |a Botany & Plant Sciences 
653 1 0 |a Ecology & Evolutionary Biology 
653 1 0 |a Science & Mathematics 
653 1 0 |a Zoology 
856 4 0 |u https://www.jstor.org/journal/grebasnatmem 
942 |c JL 
952 |0 0  |1 0  |4 0  |7 1  |9 35082  |a JSR  |b JSR  |d 2022-02-14  |l 0  |r 2022-02-14 00:00:00  |w 2022-02-14  |y JL 
999 |c 43415  |d 43415